Lecciones elementales de derecho civil, que con arreglo al programa de enseñanza, compuso el Dr. Salvador del Viso. (Record no. 167709)

MARC details
000 -LEADER
campo de control de longitud fija 00940nam a2200217 i 4500
001 - NÚMERO DE CONTROL
campo de control 167709
003 - IDENTIFICADOR DE NÚMERO DE CONTROL
campo de control ES-MaACL
005 - FECHA Y HORA DE LA ÚLTIMA TRANSACCIÓN
campo de control 20250808084938.0
008 - DATOS DE LONGITUD FIJA--INFORMACIÓN GENERAL
campo de control de longitud fija 980811s1889 sp |||| | spa d
100 1# - ENTRADA PRINCIPAL--NOMBRE DE PERSONA
Nombre de persona Viso, Salvador del.
9 (RLIN) 133797
245 10 - MENCIÓN DEL TÍTULO
Título Lecciones elementales de derecho civil, que con arreglo al programa de enseñanza, compuso el Dr. Salvador del Viso.
250 ## - MENCION DE EDICION
Mención de edición 6ª ed. rev. y arreglada al nuevo Código civil y legislación vigente
Resto de la mención de edición por Salvador Salom y Puig.
260 ## - PUBLICACIÓN, DISTRIBUCIÓN, ETC.
Lugar de publicación, distribución, etc. Valencia :
Nombre del editor, distribuidor, etc. Librería de Ramón Ortega,
Fecha de publicación, distribución, etc. 1889 (
Fabricante Imp. de José Ortega)
300 ## - DESCRIPCIÓN FÍSICA
Extensión 3 t. en 2 v. ;
Dimensiones 22 cm.
490 1# - MENCIÓN DE SERIE
Mención de serie Lecciones elementales de historia y de derecho civil
650 04 - PUNTO DE ACCESO ADICIONAL DE MATERIA--TÉRMINO DE MATERIA
Término de materia o nombre geográfico como elemento de entrada Derecho civil-
Subdivisión geográfica España
9 (RLIN) 11659
700 1# - ENTRADA AGREGADA--NOMBRE PERSONAL
Nombre de persona Salom y Puig, Salvador.
9 (RLIN) 132344
830 1# - PUNTO DE ACCESO ADICIONAL DE SERIE-TÍTULO UNIFORME
Título uniforme Lecciones elementales de historia y de derecho civil
9 (RLIN) 222637
852 ## - LOCALIZACIÓN
Ubicación ES-MaACL
Número de control de estantería G-14823-24
Nota libre - Enc. pasta
Holdings
Estatus retirado Estado de pérdida Estado de daño No para préstamo Colección Biblioteca de origen Biblioteca actual Ubicación en estantería Fecha de adquisición Total de préstamos Signatura topográfica completa Código de barras Visto por última vez Precio de reemplazo Tipo de ítem Koha
        Libros del s. XIX Biblioteca del Ateneo de Madrid Biblioteca del Ateneo de Madrid Sala Pecera Planta 3 17/01/2008   G-14823-24 1175944 23/02/2023 23/02/2023 Libro impreso antiguo